000 00483nam a2200181Ia 4500
008 090123s9999 xx 000 0 und d
082 _b14745
100 _aआजरेकर गणेश
245 _aअंकुर
250 _a1
260 _bमेहता प्रकाशन
300 _a114
600 _aआजरेकर गणेश
630 _aअंकुर
700 _aआजरेकर गणेश
730 _aअंकुर
942 _cBOOK
999 _c52806
_d52806